000 00543nam a2200217Ia 4500
003 OSt
005 20230808103250.0
008 210324s9999||||xx |||||||||||||| ||und||
040 _cSTCPL
041 _aENG
082 _a530
_bGOV-T
100 _aRajan, Govinda
100 _aMurugaiyan, T.
245 2 _aA text book of general physics /
_cby Govinda Rajan and T. Murugaiyan
260 _aMadras :
_bThe National Publishing Co. ,
_c1957.
300 _a240 p.
_bHB
650 _aPhysics
942 _cBK
942 _2ddc
942 _2ddc
999 _c6150
_d6150